|
|
|
|
| LEADER |
01028nab a2200241 i 4500 |
| 001 |
publ33021 |
| 005 |
20250514142227.0 |
| 008 |
250514s1987 hu o 000 eng d |
| 022 |
|
|
|a 1472-7781
|
| 024 |
7 |
|
|a 10.1039/p19870000237
|2 doi
|
| 024 |
7 |
|
|a 31569
|2 mtmt
|
| 040 |
|
|
|a SZTE Publicatio Repozitórium
|b hun
|
| 041 |
|
|
|a eng
|
| 100 |
1 |
|
|a Stájer Géza
|
| 245 |
1 |
0 |
|a Stereochemical studies, 103. Saturated heterocycles, 107. Preparation of 3-mono- and 2,3-disubstituted pyrimidin-4(3H)-ones in retro Diels-Alder reactions
|h [elektronikus dokumentum] :
|b The correct 1,2-disubstituted structure of the compounds previously described as 2,3-disubstituted derivatives /
|c Stájer Géza
|
| 260 |
|
|
|c 1987
|
| 300 |
|
|
|a 237-240
|
| 490 |
0 |
|
|a JOURNAL OF THE CHEMICAL SOCIETY-PERKIN TRANSACTIONS 1
|v 1987 No. 0
|
| 650 |
|
4 |
|a Klinikai orvostan
|
| 700 |
0 |
1 |
|a Szabó Angela E
|e aut
|
| 700 |
0 |
1 |
|a Bernáth Gábor
|e aut
|
| 700 |
0 |
1 |
|a Sohár Pál
|e aut
|
| 856 |
4 |
0 |
|u http://publicatio.bibl.u-szeged.hu/33021/1/aok_klny_1014_87.pdf
|z Dokumentum-elérés
|